000 00420nam a2200157Ia 4500
008 231217s9999 xx 000 0 und d
041 _aEnglish
082 _a658.5 CHU
100 _aChunawalla, S A Patel, D R
245 0 _aProduction and operations management
250 _a5th ed.
260 _c2003
_bHimalaya,
_aMumbai
300 _a720
650 _aProduction management Operations management
942 _cAA
999 _c173204
_d173204